LEADER 00915nam a2200217 i 4500 001 000000101415 003 CaOOAMICUS 005 20180125000000.0 008 180125s2017 it u000 u ita u 013 $a73567 040 $aSeMil$bita 245 14$aUna ricostruzione storica del carisma /$cIstituto delle Ausiliarie Diocesane. 260 $a[S.l.] :$bIstituto delle Ausiliarie Diocesane,$c2017. 300 $a183 p. ;$c22 cm. 650 4$aAusiliarie Diocesane.$0(OLS)http://semarc/subject/23131 700 1 $aIstituto delle Ausiliarie Diocesane.$0(OLS)http://semarc/name/73285 850 $aSeMil 852 $aSeMil$W1$xVenegono$y1$m3G V 347$j58231$B58231$CSeMilBibl$Z2$F68926 $81 961 $aOmaggio: Delpini mons. Mario 996 $6245$aUna ricostruzione storica del carisma$9(OLS)http://semarc/title/406887 996 $6260$a[S.l.] :$bIstituto delle Ausiliarie Diocesane$9(OLS)http://semarc/publisher/56972 LEADER 01180nam a2200277 i 4500 001 000000112846 003 CaOOAMICUS 005 20190627090403.0 008 030305s1993 it u000 u ita u 013 $a85530 040 $aSeMil$bita 100 1 $aCastelli, Mario.$0(OLS)http://semarc/name/40532 245 10$aDal profondo :$blaicità e grazia nell'impegno sociale e politico dei credenti /$cMario Castelli ... [et al.]. 260 $aCernusco sul Naviglio (Milano) :$bCENS,$ccopyr. 1993. 300 $a249 p. ;$c19 cm. 490 0 $aTransizioni ;$v11 500 $aFondo Card. C.M. Martini. 650 4$aCristianesimo - Rapporti [con la] Società.$0(OLS)http://semarc/subject/49907 830 0$aTransizioni ;$v11.$0(OLS)http://semarc/title/10226 850 $aSeMil 852 $aSeMil$W1$xVenegono$y1$m3N I 542$j68563$B68563$CSeMilBibl$Z2$F101686 $81 941 1 $a4 961 $aOmaggio: Martini Card. Carlo Maria 996 $6245$aDal profondo :$blaicità e grazia nell'impegno sociale e politico dei credenti$9(OLS)http://semarc/title/164577 996 $6260$aCernusco sul Naviglio (Milano) :$bCENS$9(OLS)http://semarc/publisher/45273